Subject matter of philately : a checklist of stamp designs (Record no. 2576)
[ view plain ]
| 000 -LEADER | |
|---|---|
| fixed length control field | 00312nam a22000977a 4500 |
| 008 - FIXED-LENGTH DATA ELEMENTS--GENERAL INFORMATION | |
| fixed length control field | 171211b xxu||||| |||| 00| 0 eng d |
| 100 ## - MAIN ENTRY--AUTHOR'S NAME | |
| Author's Name | Booth, Phebe |
| 245 ## - TITLE STATEMENT | |
| Title | Subject matter of philately : a checklist of stamp designs |
| 260 ## - PUBLICATION, DISTRIBUTION, ETC. (IMPRINT) | |
| Place of publication, distribution, etc. | Holton, Kan. |
| Name of publisher, distributor, etc. | The Gossip Printery |
| Date of publication, distribution, etc. | 1944 |
| 650 ## - TOPICAL TERM (Tag) | |
| Topical term or geographic name | Designs | Topical Collecting |
| Withdrawn status | Lost status | Source of classification or shelving scheme | Damaged status | Koha normalized classification for sorting | Not for loan | Permanent Location | Current Location | Shelving location | Date acquired | Total Checkouts | Full call number | Barcode | Date last seen | Copy number | Price effective from |
|---|---|---|---|---|---|---|---|---|---|---|---|---|---|---|---|
| G3200 A1 B725 | Northern Philatelic Library | Northern Philatelic Library | General Stacks | 12/11/2017 | G3200 A1 B725 | 1002845 | 12/11/2017 | 1 | 12/11/2017 |